000 01783nam a2200253Ia 4500
999 _c46267
_d46267
001 13101
003 GE_BSU
005 20220929170726.0
008 181216s2014||||ge |||||||||||||| ||geo||
020 _a9789941067341
040 _cGE_BSU
041 _ageo
080 _a633.2/4:631.5 ს-19
245 _aსაკვები კულტურების აგროწესები :
_b[სახელმძღვ.] /
_cმოამზადეს: გ. ცაგურიშვილმა, ქ. ნიაურმა და ნ. ჟვანიამ ; რედ. ელგუჯა შაფაქიძე ; საქ. განათლ. და მეცნ. სამინ., საქ. სოფლის მეურნ. მეცნ. აკად., აჭარის სოფლის მეურნ. სამინისტრო, The European Union, ENPARD, UNDP.
300 _a69 გვ.;
_b29 სმ.
653 _aსაკვები კულტურების აგროწესები
653 _aსაკვები კულტურების მოვლა და მოყვანა
700 _aცაგურიშვილი, გ.
_eმომზადება
_92502
700 _aნიაური, ქ.
_eმომზადება
_914899
700 _aჟვანია, ნ.
_eმომზადება
_914900
700 _aშაფაქიძე, ე. (ელგუჯა)
_eრედაქტორი
_914901
710 _aსაქართველო. განათლ. და მეცნ. სამინ. საქ. სოფლის მეურნ. მეცნ. აკად. აჭარის სოფლის მეურნ. სამინისტრო
_914902
942 _cBK
_2udc